Of pawns and players / (Record no. 32004)

000 -LEADER
fixed length control field 00697cam a22002057i 4500
001 - CONTROL NUMBER
control field 20914351
005 - DATE AND TIME OF LATEST TRANSACTION
control field 20251205111245.0
008 - FIXED-LENGTH DATA ELEMENTS--GENERAL INFORMATION
fixed length control field 190403s2018 ke 000 1 eng
010 ## - LIBRARY OF CONGRESS CONTROL NUMBER
LC control number 2019350196
020 ## - INTERNATIONAL STANDARD BOOK NUMBER
International Standard Book Number 9780195747300
040 ## - CATALOGING SOURCE
Original cataloging agency DLC
Language of cataloging eng
Description conventions rda
Transcribing agency LCC
042 ## - AUTHENTICATION CODE
Authentication code lcode
050 00 - LIBRARY OF CONGRESS CALL NUMBER
Classification number PR 9381.9.K66 2018
100 1# - MAIN ENTRY--PERSONAL NAME
Personal name Kombani, Kinyanjui,
Dates associated with a name 1981-
Relator term author.
245 10 - TITLE STATEMENT
Title Of pawns and players /
Statement of responsibility, etc. Kinyanjui Kombani.
300 ## - PHYSICAL DESCRIPTION
Extent 187 pages ;
Dimensions 17 cm
906 ## - LOCAL DATA ELEMENT F, LDF (RLIN)
a 7
b cbc
c origode
d 4
e ncip
f 20
g y-gencatlg
942 ## - ADDED ENTRY ELEMENTS (KOHA)
Source of classification or shelving scheme
Koha item type Africana (Books)
Classification part PR 9381.9.K66 2018
Holdings
Withdrawn status Lost status Source of classification or shelving scheme Damaged status Not for loan Home library Current library Shelving location Date acquired Source of acquisition Total Checkouts Full call number Barcode Date last seen Date last checked out Price effective from Koha item type
          MACHAKOS UNIVERSITY LIBRARY MACHAKOS UNIVERSITY LIBRARY Africana 02/05/2024 Corporate Campus(E.A)ltd 9 PR 9381.9 .K66 2018 39829 28/05/2026 27/04/2026 20/05/2024 Hard Covered Materials
© Machakos University Library, Along The Highway, Machakos Wote Rd, Machakos, Kenya P.O. Box 136 - 90100 Machakos - Kenya

Tel: ( +254 ) 723 805829 OR Fax : 044-20353 OR Email: library@mksu.ac.ke